000 00651nam a2200229 u 4500
005 20220622063603.0
008 110921s2005 r 000 0 eng d
020 _a9802572535
035 _aUPN01000181857
049 _aI
050 4 _aPZ10.3
_bL6.2 2005
100 1 _aLobel, Arnold,
_d1933-1987
_934039
245 1 0 _aBúho en casa /
_cArnold Lobel ; tr. Carmen Diana Dearden.
250 _a4a ed.
260 _aCaracas :
_bEkaré,
_c2005.
300 _a64 p. :
_bil. col.
440 0 _aMis primeras lecturas
650 0 _aAnimales
_vCuentos y leyendas
_9234
650 4 _aCuentos infantiles
_96744
905 _aInfantil
999 _c153960
_d153960